000 00789nam a2200241Ia 4500
003 OSt
005 20220923211802.0
006 a|||||r|||| 00| 0
007 ta
008 220922b |||||||| |||| 00| 0 hin d
024 _a55,175
037 _cTextual
040 _aARTS
_cARTS
_bhin
041 _2hin
_ahin
082 _aP15,Cx1,1,2,1, 152N1.1
100 _aशिवनारायण
245 0 _aमहाभाष्य प्रदीप प्रकाश
246 _ahinābhāṣhya pradīp prakāsha
260 _aदिल्ली
_b परिमल पब्लिकेशन्स
_c1991
490 _aParimal sanskrit granthmala( 32
942 _hP15,Cx1,1,2,1, 152N1.1
_cTEXL
_2CC
999 _c303554
_d303554